[Event "Polanica Zdroj op-A 44th"]
[Site "Polanica Zdroj"]
[Date "2008.08.27"]
[Round "9"]
[White "Fistek, Dariusz"]
[Black "Leniart, Arkadiusz"]
[Result "1-0"]
[WhiteElo "2208"]
[BlackElo "2391"]
[PlyCount "67"]
[EventDate "2008.08.19"]
[EventType "swiss"]
[EventRounds "10"]
[EventCountry "POL"]
[SourceTitle "CBM 126 Extra"]
[Source "ChessBase"]
[SourceDate "2008.11.05"]
[SourceVersion "1"]
[SourceVersionDate "2008.11.05"]
[SourceQuality "1"]

1. d4 Nf6 2. c4 g6 3. Nc3 d5 4. Qb3 dxc4 5. Qxc4 Bg7 6. e4 0-0 7. Be2 a6 8. Nf3 b5 9. Qb3 Bb7 10. e5 Nd5 11. 0-0 Nxc3 12. Qxc3 Nd7 13. a4 bxa4 14. Rxa4 c5 15. dxc5 Qc7 16. Bf4 Qxc5 17. Rc4 Qb5 18. Re1 Bd5 19. Rc7 Qa4 20. g3 Rfd8 21. Bd1 Qa2 22. Nd4 Rab8 23. b3 g5 24. Bxg5 Nxe5 25. Bxe7 Re8 26. Qc2 Qa1 27. Qd2 Nd3 28. Nc2 Nxe1 29. Nxa1 Nf3+ 30. Bxf3 Bxf3 31. Qd3 Ba8 32. Nc2 Be5 33. Qf5 f6 34. Qe6+ 1-0

[Event "Polanica Zdroj op-A 44th"]
[Site "Polanica Zdroj"]
[Date "2008.08.25"]
[Round "7"]
[White "Fistek, Dariusz"]
[Black "Kveinys, Aloyzas"]
[Result "0-1"]
[WhiteElo "2208"]
[BlackElo "2527"]
[PlyCount "84"]
[EventDate "2008.08.19"]
[EventType "swiss"]
[EventRounds "10"]
[EventCountry "POL"]
[SourceTitle "CBM 126 Extra"]
[Source "ChessBase"]
[SourceDate "2008.11.05"]
[SourceVersion "1"]
[SourceVersionDate "2008.11.05"]
[SourceQuality "1"]

1. d4 Nf6 2. c4 e6 3. Nf3 b6 4. a3 c5 5. Nc3 cxd4 6. Nxd4 a6 7. e4 Qc7 8. Be3 Bb7 9. f3 d6 10. Be2 Nbd7 11. Rc1 Be7 12. 0-0 0-0 13. b4 Rac8 14. Qd2 Qb8 15. Rfd1 Rfe8 16. Nb3 Bd8 17. Bf1 Bc7 18. Kh1 d5 19. cxd5 exd5 20. Nxd5 Nxd5 21. exd5 Bxh2 22. Rxc8 Bxc8 23. d6 Bxd6 24. Qxd6 Qxd6 25. Rxd6 Rxe3 26. Bxa6 Bxa6 27. Rxd7 h5 28. Ra7 Bf1 29. Nd2 Bxg2+ 30. Kxg2 Re2+ 31. Kg3 Rxd2 32. Rb7 Ra2 33. Rxb6 Rxa3 34. b5 Rb3 35. Rb8+ Kh7 36. b6 g6 37. b7 Rb4 38. Kh3 Kg7 39. Kg3 Kf6 40. Kf2 Rb3 41. Kg2 Kf5 42. Kg3 Rb2 0-1

[Event "Warsaw Najdorf Memorial op-A"]
[Site "Warsaw"]
[Date "2008.08.08"]
[Round "7"]
[White "Fistek, Dariusz"]
[Black "Wickstrom, Lucas"]
[Result "1/2-1/2"]
[WhiteElo "2208"]
[BlackElo "2139"]
[PlyCount "104"]
[EventDate "2008.08.02"]
[EventType "swiss"]
[EventRounds "9"]
[EventCountry "POL"]
[SourceTitle "CBM 125 Extra"]
[Source "ChessBase"]
[SourceDate "2008.09.01"]
[SourceVersion "1"]
[SourceVersionDate "2008.09.01"]
[SourceQuality "1"]

1. d4 Nf6 2. c4 e6 3. Nf3 c5 4. d5 exd5 5. cxd5 d6 6. Nc3 g6 7. g3 Bg7 8. Bg2 0-0 9. 0-0 a6 10. a4 Re8 11. Nd2 Nbd7 12. h3 Rb8 13. Nc4 Ne5 14. Na3 Nh5 15. e4 Bd7 16. g4 Nf6 17. f4 Nexg4 18. hxg4 Nxg4 19. Qe1 b5 20. axb5 axb5 21. Nc2 b4 22. Nd1 f5 23. Nde3 Nf6 24. exf5 Bxf5 25. Qh4 Be4 26. Ne1 Ra8 27. Rxa8 Qxa8 28. Bxe4 Rxe4 29. Qg5 Qe8 30. N1g2 h6 31. Qg3 Nh5 32. Qh3 Bd4 33. Kh1 Kh7 34. f5 Be5 35. Rf3 g5 36. Ng4 Rc4 37. Be3 Bxb2 38. f6 Qf7 39. Rf5 Bc1 40. Kh2 Rc3 41. Qf3 Bxe3 42. N4xe3 Kg8 43. Qf1 Nf4 44. Nxf4 Rxe3 45. Ng2 Qh5+ 46. Kg1 Rh3 47. f7+ Kf8 48. Qb5 Qd1+ 49. Rf1 Qd4+ 50. Rf2 Qd1+ 51. Rf1 Qd4+ 52. Rf2 Qd1+ 1/2-1/2

[Event "Warsaw Najdorf Memorial op-A"]
[Site "Warsaw"]
[Date "2008.08.06"]
[Round "5"]
[White "Fistek, Dariusz"]
[Black "Bartel, Marta"]
[Result "1/2-1/2"]
[WhiteElo "2208"]
[BlackElo "2281"]
[PlyCount "114"]
[EventDate "2008.08.02"]
[EventType "swiss"]
[EventRounds "9"]
[EventCountry "POL"]
[SourceTitle "CBM 125 Extra"]
[Source "ChessBase"]
[SourceDate "2008.09.01"]
[SourceVersion "1"]
[SourceVersionDate "2008.09.01"]
[SourceQuality "1"]

1. d4 Nf6 2. c4 g6 3. Nc3 d5 4. Qb3 dxc4 5. Qxc4 Bg7 6. e4 0-0 7. Be2 a6 8. Nf3 b5 9. Qb3 Bb7 10. e5 Nd5 11. 0-0 Nxc3 12. Qxc3 Nd7 13. a4 Rb8 14. Bg5 h6 15. Bh4 b4 16. Qc4 g5 17. Bg3 e6 18. Rfc1 Nb6 19. Qxb4 h5 20. h3 Bh6 21. Rd1 Nd5 22. Qc5 Qd7 23. Nd2 h4 24. Bh2 Kh8 25. Bf3 Ba8 26. b3 Rfc8 27. Rab1 Bf8 28. Qc1 Be7 29. Ne4 Qd8 30. Nf6 Nxf6 31. exf6 Bxf6 32. Bxa8 Rxa8 33. Be5 Bg7 34. Bxg7+ Kxg7 35. Qe3 Qe7 36. Rbc1 Rab8 37. Rc5 f6 38. Rdc1 Rb6 39. Qc3 Kh6 40. Qc4 Rd6 41. Rc6 Rxc6 42. Qxc6 Rd8 43. Rc4 Rd6 44. Qc5 Qd8 45. Qa7 Rb6 46. b4 Qd6 47. a5 Rxb4 48. Rxb4 Qxb4 49. Qxa6 Qe1+ 50. Kh2 Qxf2 51. Qxe6 Qf4+ 52. Kh1 Qxd4 53. a6 Qa1+ 54. Kh2 c5 55. Qb3 Qe5+ 56. Kh1 Qe1+ 57. Kh2 Qe5+ 1/2-1/2

[Event "Warsaw Najdorf Memorial op-A"]
[Site "Warsaw"]
[Date "2008.08.03"]
[Round "2"]
[White "Lach, Aleksandra"]
[Black "Fistek, Dariusz"]
[Result "0-1"]
[WhiteElo "2035"]
[BlackElo "2208"]
[PlyCount "134"]
[EventDate "2008.08.02"]
[EventType "swiss"]
[EventRounds "9"]
[EventCountry "POL"]
[SourceTitle "CBM 125 Extra"]
[Source "ChessBase"]
[SourceDate "2008.09.01"]
[SourceVersion "1"]
[SourceVersionDate "2008.09.01"]
[SourceQuality "1"]

1. e4 c5 2. Nf3 d6 3. d4 cxd4 4. Nxd4 Nf6 5. Nc3 Nc6 6. Bg5 e6 7. Qd3 a6 8. 0-0-0 Bd7 9. Be2 b5 10. Nxc6 Bxc6 11. Bf3 Qc7 12. Rhe1 Be7 13. Bxf6 gxf6 14. Kb1 Rc8 15. Ne2 Bb7 16. Nd4 0-0 17. Bg4 Kh8 18. f4 Rg8 19. Qh3 Qc5 20. Rd2 b4 21. Nb3 Qb5 22. Be2 Qb6 23. Bd3 Rg7 24. Rde2 a5 25. Nd2 a4 26. e5 dxe5 27. fxe5 f5 28. Nc4 Qd4 29. Qe3 Rxc4 30. Bxc4 Qxc4 31. Qa7 Qc6 32. Qe3 Qc5 33. Qxc5 Bxc5 34. g3 Rg4 35. c3 bxc3 36. bxc3 Re4 37. Kc2 Bd5 38. Rxe4 fxe4 39. c4 Bc6 40. Rf1 Kg7 41. Kc3 h5 42. Rf6 e3 43. Kd3 Bg2 44. Rf4 Bh3 45. a3 Bf5+ 46. Ke2 Bg4+ 47. Ke1 Bxa3 48. c5 Bxc5 49. Rxa4 Bb6 50. Kf1 Bd1 51. Ra1 e2+ 52. Ke1 Bd4 53. Rc1 Bxe5 54. Rc4 Kg6 55. Rc5 Bd4 56. Rc4 e5 57. h3 Kf5 58. Rc7 Ke4 59. g4 hxg4 60. hxg4 Kd3 61. Rd7 Kc2 62. Rc7+ Bc3+ 63. Rxc3+ Kxc3 64. g5 Kd3 65. g6 fxg6 66. Kf2 Kd2 67. Kg2 e1Q 0-1

[Event "Warsaw Najdorf Memorial op-A"]
[Site "Warsaw"]
[Date "2008.08.02"]
[Round "1"]
[White "Fistek, Dariusz"]
[Black "Grigoryan, Avetik"]
[Result "0-1"]
[WhiteElo "2208"]
[BlackElo "2537"]
[PlyCount "70"]
[EventDate "2008.08.02"]
[EventType "swiss"]
[EventRounds "9"]
[EventCountry "POL"]
[SourceTitle "CBM 125 Extra"]
[Source "ChessBase"]
[SourceDate "2008.09.01"]
[SourceVersion "1"]
[SourceVersionDate "2008.09.01"]
[SourceQuality "1"]

1. d4 Nf6 2. c4 g6 3. Nc3 Bg7 4. Nf3 0-0 5. g3 d6 6. Bg2 Nbd7 7. 0-0 e5 8. e4 Re8 9. h3 exd4 10. Nxd4 a6 11. Be3 Rb8 12. Qc2 Ne5 13. b3 c5 14. Nde2 b5 15. cxb5 axb5 16. Rad1 b4 17. Na4 Qe7 18. Nf4 Bb7 19. Rfe1 Bc6 20. Rd2 Ned7 21. f3 Bxa4 22. bxa4 Ne5 23. Red1 c4 24. Rxd6 b3 25. axb3 cxb3 26. Qe2 b2 27. Rb6 Rxb6 28. Bxb6 Qb4 29. Qb5 Qxb5 30. axb5 Nc4 31. Bd4 Rd8 32. Nd5 Nxd5 33. Bxb2 Bxb2 34. exd5 Ne3 35. Rd3 Rxd5 0-1